ბათუმის შოთა რუსთაველის სახელმწიფო უნივერსიტეტის ბიბლიოთეკა

კაზუსის ამოხსნის მეთოდიკა სისხლის სამართალში = Methodik der Strafrechtlichen Fallbearbeitung (ბიბ.ჩანაწერი № 49358)

000 -LEADER
fixed length control field 01204nam a2200253Ia 4500
001 - CONTROL NUMBER
control field 16275
003 - CONTROL NUMBER IDENTIFIER
control field GE_BSU
008 - FIXED-LENGTH DATA ELEMENTS--GENERAL INFORMATION
fixed length control field 181216s||||||||xx |||||||||||||| ||und||
040 ## - CATALOGING SOURCE
Transcribing agency GE_BSU
080 ## - UNIVERSAL DECIMAL CLASSIFICATION NUMBER
Universal Decimal Classification number 343 + 34.096(072)
100 ## - MAIN ENTRY--PERSONAL NAME
Personal name მჭედლიშვილი-ჰედრიხი, ქეთევან
245 ## - TITLE STATEMENT
Title კაზუსის ამოხსნის მეთოდიკა სისხლის სამართალში = Methodik der Strafrechtlichen Fallbearbeitung
245 ## - TITLE STATEMENT
Statement of responsibility, etc. რედ:ნელი ელიზბარაშვილი
250 ## - EDITION STATEMENT
Edition statement მე-2 შევს. და გადამუშ. გამოც.
260 ## - PUBLICATION, DISTRIBUTION, ETC.
Place of publication, distribution, etc. თბილისი
260 ## - PUBLICATION, DISTRIBUTION, ETC.
Name of publisher, distributor, etc. მერიდიანი
260 ## - PUBLICATION, DISTRIBUTION, ETC.
Date of publication, distribution, etc. 2010
300 ## - PHYSICAL DESCRIPTION
Extent 200გვ, 20სმ.
300 ## - PHYSICAL DESCRIPTION
Other physical details პარალ. თავფურ. გერმ.. - ბიბლიოგრ. ტექსტ. შენიშვნ. და გვ. 198-199.
653 ## - INDEX TERM--UNCONTROLLED
Uncontrolled term სისხლის სამართალი
653 ## - INDEX TERM--UNCONTROLLED
Uncontrolled term სისხლის სამართალი; კაზუსების ამოხსნის მეთოდიკა;
942 ## - ADDED ENTRY ELEMENTS (KOHA)
Koha item type წიგნი
ეგზემპლარები
Withdrawn status Lost status Damaged status Not for loan Date acquired Barcode Date last seen Price effective from Koha item type
        2018-12-17 40743 2018-12-17 2018-12-17 წიგნი
        2018-12-17 40744 2018-12-17 2018-12-17 წიგნი
        2018-12-17 40745 2018-12-17 2018-12-17 წიგნი